| 000 | 00644nam a22002057a 4500 | ||
|---|---|---|---|
| 003 | OSt | ||
| 005 | 20260610150100.0 | ||
| 008 | 260610b |||||||| |||| 00| 0 eng d | ||
| 020 | _a1556202431 | ||
| 040 | _cChuka University Library | ||
| 050 |
_aLB 1027.5 _b.G9 2005 |
||
| 100 |
_aGysbers, Norman C. _928243 |
||
| 245 | _aDeveloping & Managing: Your School Guidance and Counselling Program | ||
| 250 | _a4th Ed. | ||
| 260 |
_a Alexandria _bAmerican Counseling Association _c2005 |
||
| 300 |
_axvi, 513p. _bIllustrated |
||
| 650 |
_aEducational counseling United States _928244 |
||
| 700 |
_aHenderson Patricia _928245 |
||
| 942 |
_2lcc _cBK _n0 |
||
| 999 |
_c23803 _d23803 |
||